00446nam a2200145 a 450000500170000000800410001705000170005824500230007526000300009830000070012844000280013565000120016399900190017595201060019420140412111347.0041013s19uu xx 00 eng d aBBbIn1 1990 aBig Book Magazine. aU.S :bScholastic,c1990. a19 aBig Multicultural Tales aInsects c105207d105207 001040aELbELcBBd2004-10-13eDonationl0oBB In1 1990pE9619r2014-04-12 00:00:00w2014-04-12yBK